000 00447nam a22001697a 4500
003 NUST - PNEC
005 20170116180835.0
008 150804b xxu||||| |||| 00| 0 eng d
020 _a0131915940
040 _cLIBRARY
082 _a519.402855369 HAN
100 _94886
_a Hanselman, Duane C
245 _aMastering MATLAB
_cDuane C ,Hanselman
260 _cc 1996
650 _94887
_aNumerical analysis--Data processing
_x-
942 _2ddc
_cBK
999 _c64169
_d64169